000 01062nac a22002651u 4500
010 _a 96029050
020 _a0132610663
020 _a8120322436
020 _a8129703246
082 0 0 _a006.3
_bJ336
090 _c392
_d392
100 _aJang, Jyh-Shing Roger.
245 1 0 _aNeuro-fuzzy and soft computing :
_ba computational approach to learning and machine intelligence /
_cJyh-Shing Roger Jang, Chuen-Tsai Sun, Eiji Mizutani.
260 _aNew Delhi :
_bPrentice Hall of India,
_cc1997.
300 _axxvi, 614 p. :
_bill. ;
_c24 cm.
440 0 _aMATLAB curriculum series
650 0 _aSoft computing.
650 0 _aNeural networks (Computer science)
650 0 _aFuzzy systems.
700 1 _aSun, Chuen-Tsai.
700 1 _aMizutani, Eiji.
942 _cBB
_k006.3J336
999 _c392
_d392